Mar de fondo / (Registro nro. 10804)
[ vista simple ]
| 000 -LIDER | |
|---|---|
| fixed length control field | 00784nam a22002657a 4500 |
| 001 - NÚMERO DE CONTROL | |
| Identificador de número de control | 00745 |
| 003 - IDENTIFICACDOR DE NÚMERO DE CONTROL | |
| control field | DO-SdBPM |
| 005 - DATE AND TIME OF LATEST TRANSACTION | |
| control field | 20250822112349.0 |
| 007 - CAMPOS FIJOS DE DESCRIPCIÓN FÍSICA | |
| fixed length control field | 00745 |
| 008 - ELEMENTOS DE LONGITUD FIJA | |
| fixed length control field | 160711b2006 sp 00| 0 spa d |
| 020 ## - ISBN | |
| International Standard Book Number | 8466319999 |
| 040 ## - FUENTE DE CATALOGACIÓN | |
| Agencia que crea de manera original el registro | DO-SdBPM |
| Idioma de catalogación | spa |
| Agencia que realiza la transcripción | BPMSU |
| 082 #4 - NÚMERO DE CLASIFICACIÓN DECIMAL DE DEWEY | |
| Classification number | 813.5 |
| Item number | H638m 2006 |
| Edition number | 22 |
| 100 1# - ASIENTO PRINCIPAL -- NOMBRE PERSONAL | |
| Nombre personal | Highsmith, Patricia |
| Fechas asociadas con el nombre | 1921-1995. |
| 245 10 - MENCIÓN DE TITULO | |
| Título | Mar de fondo / |
| Mención de responsabilidad | Patricia Highsmith ; traducción Marta Sánchez Martín. |
| 260 ## - PUBLICACIÓN, DISTRIBUCIÓN, ETC. (PIE DE IMPRENTA) | |
| Lugar de publicación, distribución, etc | Madrid : |
| Nombre del editor, distribuidor, etc. | Punto de lectura, |
| Fecha de publicación, distribución, etc | 2006. |
| 300 ## - DESCRIPCIÓN FÍSICA | |
| Extensión | 396 p. ; |
| Dimensiones | 19 cm. |
| 490 0# - MENCIÓN DE SERIES | |
| Mención de serie | Zona negra, |
| Volume/sequential designation | 3 |
| 590 ## - NOTA LOCAL | |
| Texto de la nota local | Inventariado, 2025/VM |
| 650 #4 - ENCABEZAMIENTO DE MATERIA--TEMÁTICO | |
| Término temático o nombre geográfico como elemento de entrada | Novela estadounidense |
| 650 #4 - ENCABEZAMIENTO DE MATERIA--TEMÁTICO | |
| Término temático o nombre geográfico como elemento de entrada | Literatura estadounidense |
| 700 1# - ASIENTO SECUNDARIO -- NOMBRE PERSONAL | |
| Nombre personal | Sánchez Martín, Marta, |
| Mención de responsabilidad | traductor |
| 910 ## - VALIDACIÓN | |
| Validación | VMateo V. Control de calidad. BPMSU |
| 942 ## - ADDED ENTRY ELEMENTS (KOHA) | |
| Source of classification or shelving scheme | Dewey Decimal Classification |
| Koha item type | Libros |
| Withdrawn status | Lost status | Source of classification or shelving scheme | Damaged status | Not for loan | Collection code | Home library | Current library | Date acquired | Source of acquisition | Total Checkouts | Full call number | Barcode | Date last seen | Price effective from | Koha item type | Copy number |
|---|---|---|---|---|---|---|---|---|---|---|---|---|---|---|---|---|
| Dewey Decimal Classification | Colección General | Biblioteca Pública Metropolitana Salomé Ureña | Biblioteca Pública Metropolitana Salomé Ureña | 07/11/2016 | Santillana | BPMSU CG 813.5 H638m 2006 | BPMSU16070326 | 07/11/2016 | 07/11/2016 | Libros | ||||||
| Dewey Decimal Classification | Colección General | Biblioteca Pública Metropolitana Salomé Ureña | Biblioteca Pública Metropolitana Salomé Ureña | 07/11/2016 | Santillana | BPMSU CG 813.5 H638m 2006 | BPMSU16070327 | 07/11/2016 | 07/11/2016 | Libros | e.2 | |||||
| Dewey Decimal Classification | Colección General | Biblioteca Pública Metropolitana Salomé Ureña | Biblioteca Pública Metropolitana Salomé Ureña | 07/11/2016 | Santillana | BPMSU CG 813.5 H638m 2006 | BPMSU25080070 | 08/22/2025 | 07/11/2016 | Libros | e.3 |